[Event "POL-chT Ekstraliga"]
[Site "Legnica"]
[Date "2021.10.04"]
[Round "3.1"]
[White "Kempinski, Robert"]
[Black "Grandelius, Nils"]
[Result "1/2-1/2"]
[WhiteElo "2565"]
[BlackElo "2662"]
[PlyCount "36"]
[EventDate "2021.10.02"]
[EventType "team-tourn"]
[EventRounds "9"]
[EventCountry "POL"]
[SourceTitle "CBM 204 Extra"]
[Source "ChessBase"]
[SourceDate "2021.11.30"]
[SourceVersion "1"]
[SourceVersionDate "2021.11.30"]
[SourceQuality "1"]
[WhiteTeam "Legnica Miedz"]
[BlackTeam "Wroclaw Polonia"]
[WhiteTeamCountry "POL"]
[BlackTeamCountry "POL"]

1. d4 Nf6 2. Nf3 g6 3. g3 Bg7 4. Bg2 0-0 5. 0-0 d5 6. c4 c6 7. cxd5 cxd5 8. Nc3 Ne4 9. Ne5 Bf5 10. Bf4 Nxc3 11. bxc3 Nc6 12. Nxc6 bxc6 13. Qa4 e6 14. Qxc6 Rc8 15. Qa4 Rxc3 16. Rfc1 Rxc1+ 17. Rxc1 Qb6 18. e3 Qb2 1/2-1/2